000 02114cam a22004694i 4500
003 PE-LiUPU
005 20250731173514.0
008 150616s r 000 0 d
035 _a(Sirsi) a7782
040 _aPE-LiUPU
_bspa
_cPE-LiUPU
_erda
049 _aPRUA
082 0 4 _a270.9
_bS29
_221
100 1 _aScott Latourette, Kenneth,
_eautor.
245 1 4 _aThe Nineteenth Century in Europe: Background and the Roman Catholic Phase.
_n1.
264 1 _aNew York :
_bHarper and Row, Publishers,
_c1969.
300 _a498 páginas ;
_c21 cm.
336 _atext
_2rdacontent
337 _aunmediated
_2rdamedia
338 _avolume
_2rdacarrier
490 0 _aContemporary Evangelical Perspectives
504 _aBibliografía: páginas 469-486.
505 0 _aIrins and Basic Questions.- The course of christianity to the eve of the nineteenth century.- The storm of revolution.- Revolution mounts and proliferates: The Nineteenth-Century sSetting.- The roman catholic church and the nineteenth-century stage of the revolution: Thhe attitudes and growth in power of the papacy.- The roman catholic church is reinforced by the revival of old religious orders and congregations and the emergence of new ones, of societies and associations for worship and service, and of movements which sought to meet the challenge of the new day.
526 _aSEG42
526 _aSEG41
526 _aSEG40
526 _aSEG39
526 _aP94
526 _aP87
526 _aP86
526 _aP85
526 _aP77
526 _aP76
526 _aP35
650 0 4 _aIGLESIA - HISTORIA - EUROPA - SIGLO XIX-XX.
910 _ajck
_bjvq
_cjck
942 _2ddc
_cBOOK
949 _a270.9 S29 1
_wDEWEY
_c1
_i41296
_lCCODEBUL1
_mBUL
_p00.00
_r0
_sY
_tBOOK
_u19960604
_xTEOLOGIA
_zUNKNOWN
_0COMPRA
_o.STAFF. Colección General
994 _aC0
_bPEPRU
596 _a1
999 _a270.9 S29 1
_wDEWEY
_c59063
_i41296
_f2021-11-11
_g5
_lCCODEBUL1
_mBUL
_r0
_sY
_tBOOK
_u2015-6-16
_xTEOLOGIA
_zUNKNOWN
_0COMPRA
_o.STAFF. Colección General
_d59063
980 _81
_gALBERTO SANCHEZ Responsable de Automatización